| 000 | 00600nam a22001217a 4500 | ||
|---|---|---|---|
| 040 | _cRUA | ||
| 082 | _aAVM SAN 2025 B705 Or.1 | ||
| 100 | _aSAN LOZA, សាន ឡូហ្សា | ||
| 245 | _aCase of salmonella spp. in pork at market in ponley commune, baribour district, kampong chhnang province, ករណី Salmonella spp. លើសាច់ជ្រូកនៅផ្សារ ក្នុងឃុំពន្លៃ ស្រុកបរិបូណ៍ ខេត្តកំពង់ឆ្នាំង | ||
| 260 |
_aPHNOM PENH _bRUA _c2025 |
||
| 300 |
_aix,51p. _bill. _c29cm. |
||
| 942 | _cAVM | ||
| 999 |
_c25808 _d25808 |
||